Loading...
| Philosophy | 0 | 2 | 0 | 0 | 20 | 83 | 87.50 | 0 | 1 |
| Science - Physics | 0 | 2 | 0 | 1 | 20 | 123 | 126.50 | 0 | 0 |
| Fine Arts - Other Fine Arts | 0 | 2 | 0 | 0 | 20 | 102 | 104.50 | 0 | 1 |
| Literature - World Literature | 1 | 0 | 0 | 0 | 15 | 63 | 63.00 | 1 | 1 |
| History - Other History | 0 | 1 | 0 | 0 | 10 | 120 | 120.00 | 0 | 1 |
| Mythology | 0 | 1 | 0 | 0 | 10 | 102 | 102.00 | 0 | 1 |
| Literature - European Literature | 0 | 1 | 0 | 0 | 10 | 121 | 121.00 | 0 | 0 |
| History - American History | 0 | 1 | 0 | 1 | 10 | 133 | 133.00 | 0 | 0 |
| Science - Other Science | 0 | 1 | 1 | 1 | 5 | 115 | 115.00 | 0 | 0 |
| Religion | 0 | 1 | 1 | 1 | 5 | 116 | 116.00 | 0 | 0 |
| Science - Biology | 0 | 0 | 0 | 0 | 0 | 0.00 | 0 | 0 | |
| Science - Chemistry | 0 | 0 | 0 | 0 | 0 | 0.00 | 0 | 0 | |
| Social Science | 0 | 0 | 1 | 0 | -5 | 0.00 | 0 | 0 | |
| Literature - British Literature | 0 | 0 | 1 | 0 | -5 | 0.00 | 0 | 0 | |
| Fine Arts - Auditory Fine Arts | 0 | 0 | 1 | 0 | -5 | 0.00 | 0 | 0 |